000 01124nam a2200253Ia 4500
003 Ost
005 20260507075007.0
008 260507s9999||||xx |||||||||||||| ||und||
020 _a9773790412
040 _cfsecg
041 _aara
082 _a341.79
100 _aالصيرفي، محمد
_eمؤلف
245 0 _aالتفاوض /
_c محمد الصيرفي
250 _aطبعة 1
260 _aالاسكندرية:
_bدار الفكر الجامعي,
_c2007
300 _a303 صفحة؛
_c24 سم
504 _aبيبليوغرافيا: ص. 301
520 _aيوجد في هذا الكتاب مفهوم التفاوض ، الاتصال الاقناعي والعملية التفاوضية ، الوقت والعملية التفاوضية ، استراتجيات التفاوض ، التنازعات والمجاملات والعواطف في العملية التفاوضية ، التعامل مع الخصم ، انهاء المفاوضات ، مختبرات وحالات عملية
653 _aالإتصال
653 _aالتحكيم
653 _aالمفاوضات
942 _cكتاب
999 _c42123
_d42123